000 00536nam a22001937a 4500
999 _c196060
_d196060
005 20230525164923.0
010 _aENG-136966
020 _c125.00
035 _aEN-120598
037 _bDBAD/PUB
082 _a363.7
100 _aRamasubramanyan, N
245 _aEnvironmental Issues /
_cBy N Ramasubramanyan
250 _aFirst
260 _bNatesan Charities
_c2009
_aChennai
270 _a12, Brindavan Avenue, Tambaram West
_bChennai
_e600045
300 _a163p.;
_c21cm(pbk)
942 _2ddc
_cEN
_h363.7
_mRAM